| 000 | 01000nam a2200229 a 4500 | ||
|---|---|---|---|
| 999 |
_c10404 _d10404 |
||
| 001 | 10404 | ||
| 003 | BD-JhCC | ||
| 005 | 20180425114147.0 | ||
| 008 | 180425s2014 bg |||| ||a| 000 0 ben d | ||
| 020 | _a9789848471319 | ||
| 035 | _a(BD-JhCC)10404 | ||
| 040 |
_aBD-JhCC _dBD-JhCC |
||
| 041 | _aben | ||
| 082 |
_a297.1226 _bALW 2014 |
||
| 100 | _aআলওয়ানী, ড. ত্বাহা জাবির আল | ||
| 245 |
_aআল কুরআন ও মহাবিশ্ব সমিন্বিত ধারায় অধ্যয়ন / _cড. ত্বাহা জাবির আল আলওয়ানী; ড. মুহাম্মদ আবদুর রহমান আনওয়ারী (অনুবাদ |
||
| 260 |
_aঢাকা : _bবাংলাদেশ ইনস্টিটিউট অব ইসলামিক থ্যট (বিআইআইটি) _c2014. |
||
| 300 |
_a48 p. : _c22 cm. |
||
| 650 | _aAl-Quran | ||
| 942 |
_2ddc _cBK |
||